Under the eagle's wing (Record no. 167101)
[ view plain ]
| 000 -LEADER | |
|---|---|
| fixed length control field | 01322nam a2200337 a 4500 |
| 082 04 - DEWEY DECIMAL CLASSIFICATION NUMBER | |
| Classification number | 355/.033573 |
| 100 1# - MAIN ENTRY--AUTHOR NAME | |
| Personal name | Hart, Gary. |
| 245 10 - TITLE STATEMENT | |
| Title | Under the eagle's wing |
| 260 ## - PUBLICATION, DISTRIBUTION, ETC. (IMPRINT) | |
| Place of publication | Golden, Colo. : |
| Name of publisher | Fulcrum Pub., |
| Year of publication | c2008. |
| 300 ## - PHYSICAL DESCRIPTION | |
| Number of Pages | xxi, 104 p. |
| 490 1# - SERIES STATEMENT | |
| Series statement | Speaker's corner series |
| 650 #0 - SUBJECT ADDED ENTRY--TOPICAL TERM | |
| Topical Term | National security |
| 856 40 - ELECTRONIC LOCATION AND ACCESS | |
| Uniform Resource Identifier | http://site.ebrary.com/lib/rucke/Doc?id=10298240 |
No items available.
